[Event "Wisla op"]
[Site "Wisla"]
[Date "2009.05.11"]
[Round "10"]
[White "Dulinski, Stanislaw"]
[Black "Nieradka, Feliks"]
[Result "0-1"]
[WhiteElo "1808"]
[BlackElo "1900"]
[PlyCount "90"]
[EventDate "2009.05.04"]
[EventType "swiss"]
[EventRounds "11"]
[EventCountry "POL"]
[SourceTitle "EXT 2012"]
[Source "ChessBase"]
[SourceDate "2011.11.24"]
[SourceVersion "1"]
[SourceVersionDate "2011.11.24"]
[SourceQuality "1"]

1. e4 e6 2. f4 d5 3. e5 c5 4. Nf3 Nc6 5. c3 Bd7 6. Qc2 Be7 7. d3 Rc8 8. Be2 Nh6 9. 0-0 b5 10. h3 Nf5 11. Kh2 h5 12. Qd2 h4 13. Re1 d4 14. Qc2 Na5 15. Nbd2 Bc6 16. Ne4 Bb7 17. a4 b4 18. c4 Nc6 19. Nfg5 Qc7 20. Bg4 Nd8 21. b3 Kd7 22. a5 a6 23. Ra2 Qc6 24. Bf3 Qc7 25. Qe2 Bxg5 26. Nxg5 Bxf3 27. Qxf3 Qc6 28. Ne4 Rh6 29. Ng5 Qxf3 30. gxf3 Ke7 31. Rg1 Nb7 32. Bd2 Rch8 33. Ne4 Kf8 34. Rg4 R8h7 35. Ra1 Ke8 36. Kg2 Kd7 37. Ng5 Ke7 38. Nxh7 Rxh7 39. Kf2 g6 40. Ke2 Nd8 41. Kd1 Nc6 42. Kc2 Kd7 43. Kb2 Nce7 44. Rag1 Kc6 45. Rd1 Kd7 0-1

[Event "Wisla op"]
[Site "Wisla"]
[Date "2009.05.08"]
[Round "6"]
[White "Nieradka, Feliks"]
[Black "Relidzynski, Tadeusz"]
[Result "0-1"]
[WhiteElo "1900"]
[BlackElo "1976"]
[PlyCount "90"]
[EventDate "2009.05.04"]
[EventType "swiss"]
[EventRounds "11"]
[EventCountry "POL"]
[SourceTitle "EXT 2012"]
[Source "ChessBase"]
[SourceDate "2011.11.24"]
[SourceVersion "1"]
[SourceVersionDate "2011.11.24"]
[SourceQuality "1"]

1. d4 Nf6 2. c4 c5 3. d5 e6 4. Nc3 exd5 5. cxd5 d6 6. e4 g6 7. Be2 Bg7 8. Nf3 0-0 9. 0-0 Bg4 10. Nd2 Bxe2 11. Qxe2 a6 12. a4 Nbd7 13. Nc4 Nb6 14. Ra3 Re8 15. Bf4 Nxc4 16. Qxc4 b5 17. axb5 axb5 18. Rxa8 bxc4 19. Rxd8 Rxd8 20. Ra1 Nh5 21. Bd2 Rb8 22. Ra2 Be5 23. g3 Nf6 24. f3 Nd7 25. Kf2 Bd4+ 26. Ke2 Ne5 27. Bf4 Kg7 28. Bxe5+ Bxe5 29. Kd2 g5 30. Kc2 h5 31. Nd1 h4 32. Ne3 hxg3 33. hxg3 Kg6 34. g4 Rb4 35. Nf1 Bf4 36. Nd2 Kf6 37. Nb1 Ke5 38. Nc3 Be3 39. Ne2 Bd4 40. Nc3 Kf4 41. Ra3 Rb3 42. Ne2+ Kxf3 43. Nxd4+ cxd4 44. Rxb3+ cxb3+ 45. Kxb3 Kxe4 0-1

[Event "Wisla op"]
[Site "Wisla"]
[Date "2009.05.07"]
[Round "5"]
[White "Slaby, Stanislaw"]
[Black "Nieradka, Feliks"]
[Result "1/2-1/2"]
[WhiteElo "1785"]
[BlackElo "1900"]
[PlyCount "48"]
[EventDate "2009.05.04"]
[EventType "swiss"]
[EventRounds "11"]
[EventCountry "POL"]
[SourceTitle "EXT 2012"]
[Source "ChessBase"]
[SourceDate "2011.11.24"]
[SourceVersion "1"]
[SourceVersionDate "2011.11.24"]
[SourceQuality "1"]

1. d4 d5 2. c4 e6 3. Nc3 Nf6 4. a3 c6 5. e3 Bd6 6. Nf3 0-0 7. Be2 Nbd7 8. 0-0 Qe7 9. h3 e5 10. cxd5 cxd5 11. Nxd5 Nxd5 12. dxe5 Nxe5 13. Qxd5 Be6 14. Qa5 b6 15. Qa4 Bd7 16. Qd4 Rad8 17. Qc3 Rc8 18. Qd4 Rfd8 19. Rd1 Nxf3+ 20. Bxf3 Bf5 21. Bd5 Be5 22. Qb4 Bd6 23. Qd4 Be5 24. Qb4 Bd6 1/2-1/2

[Event "Wisla op"]
[Site "Wisla"]
[Date "2009.05.05"]
[Round "3"]
[White "Nieradka, Feliks"]
[Black "Zajaczkowski, Gwidon"]
[Result "1-0"]
[WhiteElo "1900"]
[BlackElo "1739"]
[PlyCount "59"]
[EventDate "2009.05.04"]
[EventType "swiss"]
[EventRounds "11"]
[EventCountry "POL"]
[SourceTitle "EXT 2012"]
[Source "ChessBase"]
[SourceDate "2011.11.24"]
[SourceVersion "1"]
[SourceVersionDate "2011.11.24"]
[SourceQuality "1"]

1. d4 f5 2. g3 Nf6 3. Bg2 e6 4. Nf3 d5 5. 0-0 Be7 6. c4 c6 7. Qc2 0-0 8. Nc3 Nbd7 9. cxd5 Nxd5 10. e4 Nxc3 11. bxc3 Nf6 12. exf5 exf5 13. Ne5 Qe8 14. Qb3+ Kh8 15. Bg5 h6 16. Bxf6 Bxf6 17. f4 Kh7 18. Rae1 Bxe5 19. Rxe5 Qf7 20. Rfe1 Qxb3 21. axb3 Kg6 22. Re7 Rf7 23. Re8 Rc7 24. c4 a5 25. d5 cxd5 26. Bxd5 Ra6 27. R1e7 Bd7 28. Rg8 Bc6 29. Rgxg7+ Kf6 30. Rxc7 1-0

[Event "Wisla op"]
[Site "Wisla"]
[Date "2009.05.04"]
[Round "1"]
[White "Nieradka, Feliks"]
[Black "Lipski, Tadeusz"]
[Result "0-1"]
[WhiteElo "1900"]
[BlackElo "2145"]
[PlyCount "46"]
[EventDate "2009.05.04"]
[EventType "swiss"]
[EventRounds "11"]
[EventCountry "POL"]
[SourceTitle "EXT 2012"]
[Source "ChessBase"]
[SourceDate "2011.11.24"]
[SourceVersion "1"]
[SourceVersionDate "2011.11.24"]
[SourceQuality "1"]

1. d4 d5 2. Nf3 c5 3. c3 Nc6 4. g3 Bf5 5. Bg2 e6 6. 0-0 Bd6 7. Re1 Nf6 8. Nh4 Be4 9. f3 Bxb1 10. Rxb1 Qb6 11. e4 cxd4 12. exd5 Nxd5 13. Nf5 0-0-0 14. Nxd6+ Rxd6 15. Qb3 Qxb3 16. axb3 dxc3 17. bxc3 Nxc3 18. Rb2 Rhd8 19. Rc2 Rd1 20. Kf2 Rxe1 21. Kxe1 Nd5 22. Kf2 Ndb4 23. Rd2 Nd3+ 0-1

[Event "IPCA Wch-B 8th"]
[Site "Wisla"]
[Date "2007.05.20"]
[Round "6"]
[White "Nieradka, Feliks"]
[Black "Jagiela, Piotr"]
[Result "1/2-1/2"]
[WhiteElo "1939"]
[BlackElo "1938"]
[PlyCount "93"]
[EventDate "2007.05.15"]
[EventType "swiss"]
[EventRounds "9"]
[EventCountry "POL"]
[SourceTitle "EXT 2011"]
[Source "ChessBase"]
[SourceDate "2010.11.26"]
[SourceVersion "1"]
[SourceVersionDate "2010.11.26"]
[SourceQuality "1"]

1. d4 f5 2. g3 Nf6 3. Bg2 d5 4. Nf3 Nbd7 5. 0-0 e6 6. b3 b5 7. c4 c6 8. cxb5 cxb5 9. Nc3 a6 10. Bf4 h6 11. h4 Bb7 12. e3 Rc8 13. Rc1 Ba3 14. Rc2 0-0 15. Nb1 Be7 16. Rxc8 Qxc8 17. Qc1 Ne4 18. Ne5 Kh7 19. f3 Nef6 20. Qd2 Nxe5 21. Bxe5 Qd7 22. Rc1 Rc8 23. Rxc8 Qxc8 24. Qc3 b4 25. Qxc8 Bxc8 26. Bxf6 Bxf6 27. Nd2 Bd7 28. f4 g5 29. hxg5 hxg5 30. Nf3 Kh6 31. Bf1 a5 32. Be2 a4 33. Ne1 Be7 34. Nd3 Bd6 35. Kf2 Kg6 36. Bd1 a3 37. Be2 Kf6 38. Bf1 Bc6 39. Be2 Be8 40. Bd1 Bd7 41. Be2 Kg6 42. Bd1 Be8 43. Be2 Kh6 44. Bd1 Kg6 45. Be2 Bb5 46. Nc1 Bd7 47. Nd3 1/2-1/2

[Event "POL-chT 2nd League"]
[Site "Wysowa"]
[Date "2003.09.12"]
[Round "9"]
[White "Betkowski, Andrzej"]
[Black "Nieradka, Feliks"]
[Result "1-0"]
[WhiteElo "2217"]
[BlackElo "2057"]
[PlyCount "63"]
[EventDate "2003.09.06"]
[EventType "team-swiss"]
[EventRounds "11"]
[EventCountry "POL"]
[SourceTitle "CBM 096 Extra"]
[Source "ChessBase"]
[SourceDate "2003.10.22"]
[SourceVersion "2"]
[SourceVersionDate "2003.10.20"]
[SourceQuality "1"]
[WhiteTeam "Krakow Korona"]
[BlackTeam "Bytom Szombierki"]
[WhiteTeamCountry "POL"]
[BlackTeamCountry "POL"]

1. e4 e6 2. d4 d5 3. Nc3 Bb4 4. e5 c5 5. Bd2 Bxc3 6. bxc3 Ne7 7. Qg4 Ng6 8. h4 h5 9. Qg3 c4 10. Nf3 Nc6 11. Be2 Nce7 12. Qh3 Nf5 13. g3 Bd7 14. 0-0 Ba4 15. Rfc1 Qe7 16. Rab1 0-0-0 17. Rb4 Bc6 18. Qf1 Rdg8 19. Rcb1 Ngxh4 20. Nxh4 Nxh4 21. gxh4 Qxh4 22. Qg2 g5 23. Bxc4 g4 24. Bb5 Bxb5 25. Rxb5 Qe7 26. c4 h4 27. R1b3 g3 28. fxg3 Rxg3 29. Rxg3 hxg3 30. cxd5 Rh2 31. Qxg3 Rxd2 32. Qc3+ 1-0

[Event "POL-chT3"]
[Site "Poland"]
[Date "2002.??.??"]
[Round "?"]
[White "Blasiak, Miroslaw"]
[Black "Nieradka, Feliks"]
[Result "1-0"]
[WhiteElo "2049"]
[BlackElo "2075"]
[PlyCount "69"]
[EventDate "2002.??.??"]
[EventType "team"]
[EventRounds "9"]
[EventCountry "POL"]
[SourceTitle "EXT 2006"]
[Source "ChessBase"]
[SourceDate "2005.11.24"]
[SourceVersion "1"]
[SourceVersionDate "2005.11.24"]
[SourceQuality "1"]

1. e4 e6 2. d4 d5 3. Nc3 Bb4 4. e5 c5 5. a3 Bxc3+ 6. bxc3 Ne7 7. Qg4 Qc7 8. Qxg7 Rg8 9. Qxh7 cxd4 10. Ne2 Nbc6 11. f4 Bd7 12. Qd3 dxc3 13. Qxc3 Rc8 14. Rb1 Nf5 15. Rg1 Ncd4 16. Qxc7 Rxc7 17. c3 Nxe2 18. Bxe2 Rxc3 19. Bd2 Rc7 20. Bd3 Nd4 21. Kf2 Ba4 22. Rb4 Nb3 23. Rxa4 Nxd2 24. Rxa7 Kd7 25. Ke3 Nb3 26. g3 Kc6 27. Rb1 d4+ 28. Kf2 Nc5 29. Be2 Ne4+ 30. Ke1 Nc3 31. Bf3+ Nd5 32. a4 Rgc8 33. a5 Kc5 34. Kd2 Kc4 35. Rbxb7 1-0

[Event "POL-chT 58th 2nd League"]
[Site "Wisla"]
[Date "2002.??.??"]
[Round "?"]
[White "Nieradka, Feliks"]
[Black "Baj, Michal"]
[Result "1-0"]
[WhiteElo "2075"]
[BlackElo "2175"]
[PlyCount "30"]
[EventDate "2002.08.30"]
[EventType "team-swiss"]
[EventRounds "11"]
[EventCountry "POL"]
[SourceTitle "EXT 2019"]
[Source "ChessBase"]
[SourceDate "2018.10.10"]
[SourceVersion "1"]
[SourceVersionDate "2018.10.10"]
[SourceQuality "1"]

1. d4 c5 2. d5 e6 3. c4 exd5 4. cxd5 d6 5. Nc3 g6 6. e4 Bg7 7. Be2 Ne7 8. Nf3 0-0 9. 0-0 Bg4 10. Nd2 Bxe2 11. Qxe2 a6 12. a4 Nd7 13. Nc4 Ne5 14. Bg5 h6 15. Bxe7 Qxe7 1-0

[Event "Wisla Fianchetto op 5th"]
[Site "Wisla"]
[Date "2000.10.07"]
[Round "1.4"]
[White "Misiejuk, Zdzislaw"]
[Black "Nieradka, Feliks"]
[Result "0-1"]
[WhiteElo "2100"]
[BlackElo "2117"]
[PlyCount "50"]
[EventDate "2000.10.??"]
[EventType "swiss"]
[EventRounds "11"]
[EventCountry "POL"]
[SourceTitle "EXT 2005"]
[Source "ChessBase"]
[SourceDate "2004.11.15"]
[SourceVersion "1"]
[SourceVersionDate "2004.11.15"]
[SourceQuality "1"]

1. e4 e6 2. f4 d5 3. e5 c5 4. Nf3 Nc6 5. c3 Bd7 6. g3 Nh6 7. Bh3 Be7 8. 0-0 Qb6 9. d3 c4+ 10. d4 0-0-0 11. b4 Rdg8 12. a4 Qd8 13. Na3 f5 14. Ng5 Bxg5 15. fxg5 Nf7 16. Nb5 g6 17. Nd6+ Nxd6 18. exd6 Qf8 19. Bf4 h6 20. gxh6 g5 21. Be5 Nxe5 22. dxe5 Qxh6 23. Bg2 Qxh2+ 24. Kf2 f4 25. Qg4 fxg3+ 0-1